| 000 | 00557ntaaa2200217 4500 | ||
|---|---|---|---|
| 003 | 01 | ||
| 005 | 20251027202559.0 | ||
| 008 | 0714s1973 ag 01 | ||
| 020 | _a854212167 | ||
| 040 |
_aAR-BaBN _bspa _cAR-BaBN _eaacr _dRIC |
||
| 082 | _a306.8800 H26d | ||
| 100 |
_aHavard, Alan _924896 |
||
| 245 | _aDeath and rebirth of a marriage | ||
| 250 | _a1 ed. | ||
| 260 |
_aLondon : _bScripture Union, _c1969 |
||
| 300 |
_a96 p ; _c18 cm |
||
| 650 |
_afamilia cristiana _92450 |
||
| 650 |
_adivorcio _93992 |
||
| 700 |
_aHavard, Margaret _924897 |
||
| 942 | _cBK | ||
| 999 |
_c20890 _d20890 |
||